000 00415nam a2200145Ia 4500
008 090124s9999 xx 000 0 und d
082 _b201222
245 _a माग वळून
250 _a1
260 _bभावे पु. भा. (पुरुषोत्तम भास्कर)
_c1967
300 _a172
630 _a माग वळून
730 _a माग वळून
942 _cBOOK
999 _c182803
_d182803